Carta de Intención al FMI.

Otvorený list mexického ministra financií a generálneho riaditeľa Mexickej banky správnemu riaditeľovi MMF z 5. apríla 1991 - úplný text. Plnenie zámerov a cieľov Národného plánu rozvoja Mexika na r. 1989-94. Charakter vývoja mexickej ekonomiky v r. 1990 a výhľad na r. 1991. Hospodárska politika mex...

Full description

Saved in:
Bibliographic Details
Main Author: Aspe Armella, P.
Other Authors: Mancera Aguayo, M.
Format: Book Chapter
Language:Spanish
Subjects:
Tags: Add Tag
No Tags, Be the first to tag this record!

MARC

LEADER 00000naa a2200000 4500
001 r003443
005 20221208122312.7
041 0 |a spa 
044 |a MX 
245 1 0 |a Carta de Intención al FMI.  |c P. Aspe Armella, M. Mancera Aguayo 
520 |a Otvorený list mexického ministra financií a generálneho riaditeľa Mexickej banky správnemu riaditeľovi MMF z 5. apríla 1991 - úplný text. Plnenie zámerov a cieľov Národného plánu rozvoja Mexika na r. 1989-94. Charakter vývoja mexickej ekonomiky v r. 1990 a výhľad na r. 1991. Hospodárska politika mexickej vlády. 
610 2 0 |a rozvoj hospodársky 
610 2 0 |a politika hospodárska 
610 2 0 |a Mexiko 
610 2 0 |a 1989-1994 
100 1 |a Aspe Armella, P. 
700 1 |a Mancera Aguayo, M.